00578nam a2200181Ia 450000500170000000800410001704000180005804100080007608200200008410000190010424500590012325000120018226000430019430000270023765000410026465000520030565000390035720251103144321.0210716s1990 xx 000 0 und d cAIMIT LIBRARY aeng a005.8 21bHAYC aHaynes, Colin. aComputer virus protection handbook /cBy Colin Haynes. a1st ed. aNew Delhi :bBPB Publications ,c1990. axxi,192p. ;bPBc23 cm aHow a virus makes your computer sick aData protection and virus infection prevention  aHow to use your antibiral software